000 00975cam a2200289 4500
001 sa 68019750
003 DLC
005 20260227112719.0
008 720710s1967 ii ab b 000 0 eng
010 _asa 68019750
025 _aPL480:I-E-10211
040 _aDLC
_cDLC
_dDLC
_dICU
_dDLC
043 _aa-ii---
050 0 0 _aQC801
_b.H86 no. 10
_aQE501
110 1 _aHyderabad (India).
_bGeophysics Research Board.
245 1 0 _aIndian national report: Upper Mantle Project, 1963-66.
260 _aHyderabad, India,
_c1967.
300 _aix, 93 p.
_billus., maps.
_c25 cm.
350 _aRs2.75
490 1 _aGRB and NGRI publication, no. 10
500 _aAt head of title: International Council of Scientific Unions. Upper Mantle Committee.
504 _aIncludes bibliographies.
650 0 _aGeophysics
_zIndia.
610 2 0 _aInternational Upper Mantle Project.
710 2 _aInternational Upper Mantle Committee.
830 0 _aGRB & NGRI publication ;
_vno. 10.
999 _c89045
_d89045